000 00608nam a2200205Ia 4500
005 20250507130345.0
008 008 250505s9999 xx 000 0 chi d
020 _a9789574440610
037 _aAnnuals, Advances
040 _aEASL
_beng
_cEASL
041 _achi
_2eng
084 _aO41,4NL1, 41P3
_qEASL
100 _aLiu Ke Xiang Au.
_9665240
245 0 _aXin shi jie sanwen (11)
260 _aChina
_bTaibei Jiu ge chu ban she you xian gongsi Taiwan
_c2003
300 _a317p.
650 _aCL
_9642733
942 _cTEXL
_hO41,4NL1, 41P3
999 _c1319207
_d1319207